• 首页
  • 本馆介绍
  • 公告通知
  • 最新文献
  • 馆藏检索
  • 电子资源
  • 读者导购
  • 参考咨询
  • 我的图书馆
  • 登录
  • 详细信息显示
  • 放入我的书架
  • 预约/预借图书
  • 作者相关作品
  • 分类相关作品
  • 丛书相关作品
  • 出版社相关作品

书目信息

  • 表格格式
  • 工作单格式
  • 卡片格式
题名:
北京的城墙与城门
    
 
作者: 喜仁龙 著 ;邓可 译
分册:  
出版信息: 成都   四川人民出版社  2017
页数: 319页
开本: 24cm
丛书名:
单 册:
中图分类: K928.77
科图分类:
主题词: 关隘--介绍--北京
电子资源:
ISBN: 978-7-220-10129-8
000 01067nam0 2200241 450
001 2250632385
005 20220929140411.69
010    @a978-7-220-10129-8@dCNY39.80
100    @a20171116d2017 em y0chiy0110 ea
101 1  @achi@cswe
102    @aCN@b510000
105    @aa z 000yy
200 1  @a北京的城墙与城门@9bei jing de cheng qiang yu cheng men@dThe walls and gated of Peking@f(瑞典)喜仁龙著@g邓可译@zeng
210    @a成都@c四川人民出版社@d2017
215    @a319页@c图,照片@d24cm
330    @a本书缘起是北京的城门之美,是中国都城所展现出的举世无双的壮美特征,是秀美环境中的古建筑、新生的树木和衰败的护城河,是建筑的装饰风格。从历史和地形上看,有些城门可能至今仍是北京的标志性建筑,与相连的城墙一道,记载了这座城市的早期历史,加之城内的街道和园林,构成了最具有特色的美丽景致。
510 1  @aWalls and gated of Peking@zeng
606 0  @a关隘@x介绍@y北京
690    @aK928.77@v5
701  0 @c(瑞典)@a喜仁龙@9xi ren long@c(Siren, Osvald@f1879-1966)@4著
702  0 @a邓可@9deng ke@c(地理学)@4译
801  0 @aCN@b91MARC@c20171116
905    @aZUCC@dK928.77@e12
    
    北京的城墙与城门=The walls and gated of Peking/(瑞典)喜仁龙著/邓可译.-成都:四川人民出版社,2017
    319页:图,照片;24cm
    
    
    ISBN 978-7-220-10129-8:CNY39.80
    本书缘起是北京的城门之美,是中国都城所展现出的举世无双的壮美特征,是秀美环境中的古建筑、新生的树木和衰败的护城河,是建筑的装饰风格。从历史和地形上看,有些城门可能至今仍是北京的标志性建筑,与相连的城墙一道,记载了这座城市的早期历史,加之城内的街道和园林,构成了最具有特色的美丽景致。
●
相关链接 在五车中查询图书 在当当中查询图书 在豆瓣中查询图书


正题名:北京的城墙与城门     索取号:K928.77/12         预约/预借

序号 登录号 条形码 馆藏地/架位号 状态 备注
1 2000906524   2000906524   第三书库/ [索取号:K928.77/12] 在馆    
2 2000906525   2000906525   第三书库/ [索取号:K928.77/12] 在馆    
3 2000906526   2000906526   第三书库/ [索取号:K928.77/12] 在馆    
山东省滨州职业学院图书馆 欢迎您!
大连网信软件有限公司© 版权所有